Φιλαναγνωσία και κοινωνικοσυναισθηματική ανάπτυξη του παιδιού : θεωρητικές προσεγγίσεις, δραστηριότητες και παιχνίδια
Αποθηκεύτηκε σε:
| Κύριος συγγραφέας: | |
|---|---|
| Άλλοι συγγραφείς: | |
| Μορφή: | Βιβλίο |
| Γλώσσα: | Greek |
| Δημοσίευση: |
Θεσσαλονίκη :
Επίκεντρο,
2012
|
| Θέματα: | |
| Ετικέτες: |
Προσθήκη ετικέτας
Δεν υπάρχουν, Καταχωρήστε ετικέτα πρώτοι!
|
MARC
| LEADER | 00000nam a2200000 i 4500 | ||
|---|---|---|---|
| 001 | 1/56141 | ||
| 008 | 140916s2012 gre d | ||
| 020 | |a 978-960-458-344-7 | ||
| 035 | |l 10119130 | ||
| 040 | |a GR-MY-UA |b gre |e aacr | ||
| 041 | 0 | |a gre | |
| 082 | 0 | |a 808.068 |2 (23) | |
| 100 | 1 | |a Πατέρα, Αναστασία. | |
| 245 | 1 | 0 | |a Φιλαναγνωσία και κοινωνικοσυναισθηματική ανάπτυξη του παιδιού : |b θεωρητικές προσεγγίσεις, δραστηριότητες και παιχνίδια / |c Αναστασία Πατέρα και Τασούλα Τσιλιμένη |
| 260 | |a Θεσσαλονίκη : |b Επίκεντρο, |c 2012 | ||
| 300 | |a 284 σ.; |c 20 εκ. | ||
| 504 | |a Περιλαμβάνει βιβλιογραφικές παραπομπές και ευρετήριο | ||
| 650 | 0 | 0 | |a Children's literature |x History and criticism. |
| 650 | 0 | 0 | |a Children's literature |x Study and teaching (Primary) |
| 650 | 0 | 0 | |a Children's literature |x Psychological aspects. |
| 650 | 0 | 0 | |a Children |x Books and reading. |
| 700 | 1 | |a Τσιλιμένη, Τασούλα Δ. | |
| 852 | |a INST |b RHODES |e 20140916 |h 808.068 ΠΑΤ |p 005400036774 |q 005400036774 |t BK |y 4 |x 20200212 | ||
| 901 | |a BIBL4-2014-3 | ||
| 909 | |a Ρ |b 189607 | ||
| 922 | |a 4ΕΛΗ |b 201405 |c ΤΑΚ/ΠΤΔΕ |d BEST BOOK HUNTERS | ||
| 970 | |z 2014/09/16 | ||